000 02050nam a2200457 c 4500
999 _c50516
_d50516
001 50516
003 ES-MaCES
005 20180209115753.0
007 cr |||||||||||
008 180201s2017 lu r m000 | eng d
020 _a9789294963765
020 _a9789294963772 (pdf)
040 _aES-MaCES
_bspa
_cES-MaCES
245 0 0 _aTowards age-friendly work in Europe
_hRecurso electrónico
_b: a life-course perspective on work and ageing from EU Agencies
_ca joint report from the European Foundation for the Improvement of Living and Working Conditions and the European Agency for Safety and Health at Work (Eurofound and EU-OSHA), the European Centre for the Development of Vocational Training (Cedefop) and EIGE (European Institute for Gender Equality)
260 _aLuxembourg
_bPublications Office of the European Union
_c2017
300 _a1 documento pdf
_c(2,45 mb)
504 _aBibliografía: p`. 76-85
541 _cGratuito
650 4 _aenvejecimiento de la población
_930614
650 4 _aevaluación del impacto
_930732
650 4 _amercado de trabajo
_928292
650 4 _atrabajador de edad avanzada
_928410
650 4 _acondiciones de trabajo
_928327
650 4 _asalud en el trabajo
_928347
650 4 _aformación profesional permanente
_929931
650 4 _arégimen de pensión
_927042
650 4 _928657
_amujeres
650 4 _929521
_adiscriminación por razones de sexo
650 4 _927112
_apobreza
650 4 _926752
_aUE
650 4 _929020
_apaís de la UE
650 4 _928986
_ainforme
653 1 0 _aEmpleo
710 2 _93819
_aFundación Europea para la Mejora de las Condiciones de Vida y de Trabajo
710 2 _aAgencia Europea para la Seguridad y la Salud en el Trabajo
_91261
710 2 _91909
_aCentro Europeo para el Desarrollo de la Formación Profesional
710 2 _938913
_aInstituto Europeo de la Igualdad de Género
856 4 _uhttp://biblioteca.ces.es/repintra/B50516.pdf
_ytexto completo
_z[intranet]
902 _aELE PUB. ELECTRONICA
942 _2CES
_cBK
_h2.1.